| 000 | 00517nam a2200157Ia 4500 | ||
|---|---|---|---|
| 003 | GCL | ||
| 008 | 140319s9999 xx 000 0 ara d | ||
| 040 |
_aGCL / _cGCL |
||
| 082 | 0 | 4 |
_a780 _bع م |
| 100 | 1 | _aعمر عبدالرحمن الحمصى | |
| 245 | 1 | 0 |
_aالموسيقى العربية: تاريخها - علومها - فنونها - أنواعها / _cعمر عبدالرحمن الحمصى |
| 300 | _a351 | ||
| 490 |
_a100 قصة _v0 |
||
| 650 | 0 | 4 | _aالموسيقى - تاريخ ونقد |
| 942 |
_2ddc _cBK |
||
| 999 |
_c44097 _d44097 |
||